| 000 | 00891nam a22002177a 4500 | ||
|---|---|---|---|
| 999 |
_c13741 _d13741 |
||
| 003 | AR-CdUCM | ||
| 008 | 190416b ||||| |||| 00| 0 spa d | ||
| 040 |
_aMUNICIPALIDAD PROVINCIAL DEL CUSCO _cBIBLIOTECA MUNICIPAL DEL CUSCO |
||
| 082 |
_a370.82 / _bOR61 |
||
| 100 |
_aOrbegoso Rodríguez, Efraín _932261 |
||
| 245 |
_aBiblioteca Básica Peruana : _bMadre Tierra, Pacha Mama. Introducción al Conocimiento Geográfico del Perú / |
||
| 260 |
_aLima : _bOffset Reprográfica ; _c1961. |
||
| 300 |
_a59 páginas ; _c24cm |
||
| 440 |
_aColección Geografía y Viajes _932262 |
||
| 505 | _aContenido: El mar peruano -- La gran región andina -- El poblamiento del Perú -- Casi todas las razas -- Las plantas cultivadas... | ||
| 650 |
_aGeografía _9318 |
||
| 650 |
_aPerú _935 |
||
| 710 |
_aMinisterio de Educación Pública _96342 |
||
| 942 |
_2ddc _cLIBROS |
||
| 945 |
_anom _d2019-04-16 |
||